000 00547nam a2200217Ia 4500
003 OSt
005 20220928135544.0
006 a|||||r|||| 00| 0
007 ta
008 220927b |||||||| |||| 00| 0 eng d
024 _a3032
037 _cTextual
040 _aSDCL
_cSDCL
_beng
041 _2eng
_aeng
082 _aO-,1L70,3:g, M4
100 _aJohnston Kenneth
_9491427
245 0 _aWordsworth and the recluse
260 _c1984
942 _hO-,1L70,3:g, M4
_cTEXL
_2CC
999 _c806826
_d806826